书目信息 |
| 题名: |
工科数学分析习题与例题解析
|
|
| 作者: | 孙清华 著 | |
| 分册: | 上册 | |
| 出版信息: | 武汉 华中科技大学出版社 2002.05 |
|
| 页数: | 541页 | |
| 开本: | 21cm | |
| 丛书名: | ||
| 单 册: | ||
| 中图分类: | O17-44 | |
| 科图分类: | ||
| 主题词: | 数学分析--shu xue fen xi--高等学校--教学参考资料 | |
| 电子资源: | ||
| ISBN: | 7-5609-2689-4 | |
| 000 | 00862nam0 2200229 450 | |
| 001 | 012007462109 | |
| 005 | 20071010101507.79 | |
| 010 | @a7-5609-2689-4@dCNY21.50 | |
| 100 | @a20070605d2002 km y0chiy0120 ea | |
| 101 | 0 | @achi |
| 102 | @aCN@b420000 | |
| 105 | @aa q 000yy | |
| 200 | 1 | @a工科数学分析习题与例题解析@Agong ke shu xue fen xi xi ti yu li ti jie xi@h上册@f孙清华著@Fsun qing hua zhu |
| 210 | @a武汉@c华中科技大学出版社@d2002.05 | |
| 215 | @a541页@c图@d21cm | |
| 330 | @a本书对王绵森、马知恩主编《工科数学分析基础》的习题作了全解,还对每章内容作了大量的例题分析。本书为上册,包括一元函数微分学及其应用、无穷级数等四章内容。 | |
| 333 | @a面向21世纪课程教材教学辅导书 | |
| 606 | 0 | @a数学分析@Ashu xue fen xi@x高等学校@j教学参考资料 |
| 690 | @aO17-44@v4 | |
| 701 | 0 | @a孙清华@Asun qing hua@4著 |
| 801 | 0 | @aCN@c20071010 |
| 905 | @dO17-44@eS932:1 | |
| 工科数学分析习题与例题解析.上册/孙清华著.-武汉:华中科技大学出版社,2002.05 |
| 541页:图;21cm |
| 使用对象:面向21世纪课程教材教学辅导书 |
| ISBN 7-5609-2689-4:CNY21.50 |
| 本书对王绵森、马知恩主编《工科数学分析基础》的习题作了全解,还对每章内容作了大量的例题分析。本书为上册,包括一元函数微分学及其应用、无穷级数等四章内容。 |
| ● |
| 相关链接 |
|
|
|
正题名:工科数学分析习题与例题解析
索取号:O17-44/S932:1
 
预约/预借
| 序号 | 登录号 | 条形码 | 馆藏地/架位号 | 状态 | 备注 |
| 1 | 243322 | 202433223 | 自科库401/401自科库 43排6列4层/ [索取号:O17-44/S932:1] | 在馆 | |
| 2 | 243323 | 202433232 | 自科库401/401自科库 43排6列4层/ [索取号:O17-44/S932:1] | 在馆 | |
| 3 | 243324 | 202433241 | 自科库401/401自科库 43排6列4层/ [索取号:O17-44/S932:1] | 在馆 |